| 000 | 00380nam a22001457a 4500 | ||
|---|---|---|---|
| 020 | _a9781265079833 | ||
| 082 |
_a658.3124 _bNOE |
||
| 100 | _aNoe, Raymond A. | ||
| 245 |
_aEmployee Training and Development / _cRaymond A. Noe |
||
| 250 | _a9th Edition. | ||
| 260 |
_aNew Delhi : _bMcGraw-Hill, _c2023. |
||
| 300 |
_a540 p. ; _c23 cm. |
||
| 563 | _aPBK. | ||
| 942 |
_2ddc _cBK |
||
| 999 |
_c594253 _d594253 |
||